Mixed Word: Country Double Scramble Quiz Stats

Quiz Updated Jul 31, 2013

Challenge
Share
Tweet
Embed
Score 0/11 Timer 03:00
0 Plays Today
Scrambled Country Unscrambled Country % Correct
MOANOman
94.2%
RQAATQatar
92.4%
BAMWIZBEZimbabwe
91.3%
VALIOBIBolivia
85.2%
NAZSTUBEIKUzbekistan
79.6%
TIAHOPEIEthiopia
78%
SIAMYAALMalaysia
75%
ACOMEDANIMacedonia
63.2%
JBANZARIEAAzerbaijan
59.1%
ALCDEINIceland
51.5%
Bonus Country: -->
From a scramble of the first letters of the countries
Mozambique
43.5%

You're not logged in!

Compare scores with friends on all Sporcle quizzes.
Sign Up with Email
OR
Log In

You Might Also Like...

Show Comments

Extras

Top Quizzes Today


Score Distribution

Your Account Isn't Verified!

In order to create a playlist on Sporcle, you need to verify the email address you used during registration. Go to your Sporcle Settings to finish the process.

Report this User

Report this user for behavior that violates our Community Guidelines.

Details: